| 000 | 01348cam a22002415a 4500 | ||
|---|---|---|---|
| 001 | L143341 | ||
| 008 | 080428s2007 xxkdo f 001 0 eng d | ||
| 020 | _a9780749448394 | ||
| 035 | _a(Sirsi) u143341 | ||
| 041 | 0 | _aeng | |
| 050 | 0 | 4 | _a658.4 $2 18 |
| 100 | 1 | _aAdair, John | |
| 245 | 0 | 0 |
_aHow to grow leaders _bthe seven principles of effective leadership development |
| 260 |
_aLondon _bKogan Page _c2006 |
||
| 300 |
_avi, 184p. _bill _c24cm. |
||
| 350 | _a9.99 | ||
| 505 | 2 | _aExploring leadership - a personal odyssey: the qualities approach; the group or functional approach; leaders or managers?; the situational approach; levels of leadership -- How to grow leaders - the seven principles: training for leadership; selection; line managers as leadership mentors; the chance to lead; education for leadership; a strategy for leadership development; the chief executive | |
| 520 | _aDiscusses leadership development and answers questions on the selection, training and education of leaders. Includes sections on: the manager as leader; training team leaders and how to be a top strategic leader. Argues that leadership is not a soft skill, but rather a key factor in business success that can be developed in individuals. | ||
| 521 | _aAdvanced | ||
| 651 | 4 | _aInternational | |
| 690 | _aMANAGEMENT-BUSINESS MANAGEMENT | ||
| 942 | _n0 | ||
| 999 |
_c108127 _d108127 |
||